000
00286nam a22001217a 4500
008
190305b xxu||||| |||| 00| 0 eng d
041
_a
eng
080
_a
159.9
100
_a
48
101
_a
PSI
245
_a
Cognitive therapy and the emotional disorders
_c
Beck,A.T
942
_2
udc
_c
BK
999
_c
54465
_d
54465